000
00281nam a2200121Ia 4500
008
221030s9999 xx 000 0 und d
041
_a
English
100
_a
A. Kazmi
245
0
_a
Business Policy & Strategic Management
_c
by A. Kazmi
260
_c
0
650
_a
Mb
942
_c
BK
999
_c
14300
_d
14300